[Event "Mechanics' Neil Falconer TNM; 30/90, SD"]
[Site "San Francisco"]
[Date "2013.10.01"]
[Round "9.9"]
[White "Krasnov, Steven"]
[Black "Royzen, Igor"]
[Result "1-0"]
[WhiteElo "1862"]
[BlackElo "1807"]
[PlyCount "81"]
[EventDate "2013.??.??"]

1. e4 c5 2. Nf3 Nc6 3. Bb5 g6 4. O-O Bg7 5. Re1 Nf6 6. c3 O-O 7. h3 d5 8. e5
Ne8 9. d4 cxd4 10. cxd4 Nc7 11. Ba4 Bf5 12. a3 Bxb1 13. Rxb1 e6 14. b4 b5 15.
Bb3 Qd7 16. Bf4 Rfc8 17. Qd2 a5 18. Rec1 axb4 19. axb4 Na6 20. Bd1 Qe7 21. Be2
Rab8 22. Bg5 Qf8 23. Qe1 Ncxb4 24. Rxc8 Qxc8 25. Rxb4 Nxb4 26. Qxb4 Qc6 27. Be7
Qc1+ 28. Kh2 Qc6 29. Nd2 Bh6 30. Bd6 Rb6 31. Bc5 Rb8 32. Nb3 Qa6 33. Bd6 Rb6
34. Qc3 Rc6 35. Nc5 Qa2 36. Qf3 Qd2 37. Bxb5 Rb6 38. Be8 Qf4+ 39. Qxf4 Bxf4+
40. g3 Bd2 41. Nd7 1-0

[Event "Mechanics' Winter TNM; 30/90, SD/30"]
[Site "San Francisco"]
[Date "2013.02.26"]
[Round "8.13"]
[White "Krasnov, Steven"]
[Black "Ryaboy, Vadim"]
[Result "1/2-1/2"]
[WhiteElo "1958"]
[BlackElo "1782"]
[PlyCount "104"]
[EventDate "2013.??.??"]

1. d4 d5 2. Nf3 e6 3. Bg5 Be7 4. h4 h6 5. Bxe7 Qxe7 6. Nbd2 Nf6 7. e3 Nbd7 8.
Bd3 e5 9. dxe5 Nxe5 10. Be2 O-O 11. c3 Neg4 12. Nh2 h5 13. Nxg4 Nxg4 14. Nf3
Re8 15. Qd4 Qe4 16. Rd1 c6 17. O-O Qg6 18. Bd3 Bf5 19. Bxf5 Qxf5 20. Rfe1 Re4
21. Qd3 Ne5 22. Nxe5 Qxe5 23. g3 Re8 24. Qe2 Re6 25. Rd4 Rxd4 26. cxd4 Qe4 27.
Qxh5 Qc2 28. Qe2 Qxe2 29. Rxe2 Kf8 30. f3 Ke7 31. g4 Kd6 32. Kf2 b6 33. b4 Re7
34. Rc2 a6 35. Ke2 Ra7 36. e4 dxe4 37. fxe4 a5 38. bxa5 Rxa5 39. Ke3 Ra3+ 40.
Kf4 Rd3 41. Rc4 Ra3 42. Rb4 b5 43. Rb2 Rd3 44. Rb4 Ra3 45. Rb2 Rd3 46. d5 cxd5
47. Rxb5 dxe4 48. Kxe4 Ra3 49. Rb7 Ra4+ 50. Kf3 Ra3+ 51. Ke4 Ra4+ 52. Kd3 Rxg4
1/2-1/2

[Event "Mechanics' Summer TNM; 30/90, SD/30"]
[Site "San Francisco"]
[Date "2013.06.18"]
[Round "4.26"]
[White "Krasnov, Steven"]
[Black "Sepulveda, Ben"]
[Result "0-1"]
[WhiteElo "1955"]
[BlackElo "1640"]
[PlyCount "78"]
[EventDate "2013.??.??"]

1. Nf3 d5 2. c4 e6 3. d4 c6 4. Nc3 Nf6 5. Bg5 h6 6. Bh4 Bb4 7. Qb3 Bxc3+ 8.
bxc3 Nbd7 9. e3 Qa5 10. Nd2 O-O 11. Bg3 Re8 12. Be2 e5 13. dxe5 Nxe5 14. O-O
Ne4 15. Nxe4 dxe4 16. Rfd1 b6 17. Qb4 Ba6 18. Qxa5 bxa5 19. Rd4 Nd3 20. Bxd3
exd3 21. Bd6 Rad8 22. c5 Rd7 23. Rd1 Rb7 24. Ra4 Bb5 25. Rxa5 a6 26. h3 Re4 27.
Ra3 f5 28. Rd2 Bc4 29. Ra4 Rb1+ 30. Kh2 Bb5 31. Ra3 Rc1 32. Rb3 Rc2 33. Rb2
Rxb2 34. Rxb2 Rc4 35. Be5 Rxc5 36. Bd4 Rd5 37. f3 c5 38. e4 fxe4 39. fxe4 cxd4
0-1

[Event "Mechanics' Fall TNM; 30/90, SD/30"]
[Site "San Francisco"]
[Date "2013.10.22"]
[Round "1.12"]
[White "Krasnov, Steven"]
[Black "Starr, Albert"]
[Result "0-1"]
[WhiteElo "1949"]
[BlackElo "1452"]
[PlyCount "100"]
[EventDate "2013.??.??"]

1. e4 e5 2. Nc3 Nf6 3. d3 Bb4 4. Nge2 O-O 5. g3 d5 6. exd5 Nxd5 7. Bg2 c6 8.
O-O Be6 9. Bd2 Nxc3 10. Nxc3 Nd7 11. Qe2 f6 12. a3 Bc5 13. b4 Bb6 14. Kh1 Re8
15. Ne4 Nf8 16. a4 Qd7 17. a5 Bd4 18. c3 Bh3 19. cxd4 exd4 20. Qh5 Bg4 21. Qc5
Ne6 22. Qc4 Kh8 23. f4 Rad8 24. a6 b5 25. Qc2 Nc7 26. Nc5 Qf5 27. Rae1 Nd5 28.
Rxe8+ Rxe8 29. Ne4 Qd7 30. Rc1 Ne7 31. Nf2 $18 Be6 32. Bxc6 $4 Nxc6 33. Ne4 Bd5
34. Kg1 Qh3 35. Be1 h6 36. Qf2 Rd8 37. Rc5 f5 38. Nd2 Nxb4 39. Rxb5 (39. Qe2)
39... Nxd3 40. Qf1 Qxf1+ 41. Kxf1 Rd6 42. Bf2 Nxf2 43. Kxf2 Be4 44. Nxe4 fxe4
45. Re5 e3+ 46. Ke1 Rxa6 47. Ke2 Ra2+ 48. Kd3 Rd2+ 49. Kc4 e2 50. h4 d3 0-1

[Event "Mechanics' Winter TNM; 30/90, SD/30"]
[Site "San Francisco"]
[Date "2013.02.19"]
[Round "7.5"]
[White "LaCounte, Brendan"]
[Black "Andries, Craig"]
[Result "1/2-1/2"]
[WhiteElo "1974"]
[BlackElo "1942"]
[PlyCount "87"]
[EventDate "2013.??.??"]

1. d4 f5 2. Bg5 h6 3. Bh4 g5 4. e3 Nf6 5. Bg3 d5 6. h4 Bg7 7. hxg5 hxg5 8.
Rxh8+ Bxh8 9. Nh3 g4 10. Nf4 Kf7 11. Nd2 c6 12. c3 Nbd7 13. Nd3 e6 14. Qe2 a5
15. O-O-O Nh5 16. Bf4 b6 17. Qe1 Ba6 18. f3 Bxd3 19. Bxd3 Nxf4 20. exf4 Nf6 21.
fxg4 Nxg4 22. Nf3 Bf6 23. Qg1 Qd6 24. Ne5+ Bxe5 25. fxe5 Qe7 26. Kb1 Rh8 27.
Be2 Qg5 28. Bf3 a4 29. c4 Ne3 30. cxd5 cxd5 31. Rc1 Nc4 32. Qd1 b5 33. b3 axb3
34. axb3 Nd2+ 35. Kb2 Nxf3 36. Rc7+ Kg6 37. gxf3 Rh2+ 38. Rc2 Rxc2+ 39. Kxc2 b4
40. Kd3 Qg2 41. Ke3 f4+ 42. Kd3 Qf2 43. Qe2 Qg1 44. Qg2+ $1 1/2-1/2

[Event "Mechanics' Winter TNM; 30/90, SD/30"]
[Site "San Francisco"]
[Date "2013.01.15"]
[Round "2.18"]
[White "LaCounte, Brendan"]
[Black "Cox, Hank"]
[Result "1-0"]
[WhiteElo "1974"]
[BlackElo "1623"]
[PlyCount "47"]
[EventDate "2013.??.??"]

1. d4 Nf6 2. Nf3 g6 3. Nc3 Bg7 4. e4 d6 5. Be3 O-O 6. Be2 Nbd7 7. Qd2 c5 8. Bh6
Qa5 9. Bxg7 Kxg7 10. e5 Ng4 11. h3 cxd4 12. hxg4 Rh8 13. Qxd4 Nxe5 14. O-O-O f6
15. Nxe5 Qxe5 16. Qxe5 dxe5 17. f3 Be6 18. Nd5 Kf7 19. Nc7 Rac8 20. Nxe6 Kxe6
21. b3 Kf7 22. Rd7 Rc6 23. Rxb7 h5 24. Bc4+ 1-0

[Event "Mechanics' Winter TNM; 30/90, SD/30"]
[Site "San Francisco"]
[Date "2013.02.26"]
[Round "8.8"]
[White "LaCounte, Brendan"]
[Black "Nagarajan, Pranav"]
[Result "1/2-1/2"]
[WhiteElo "1974"]
[BlackElo "2036"]
[PlyCount "83"]
[EventDate "2013.??.??"]

1. Nf3 c5 2. b3 Nf6 3. Bb2 e6 4. e3 Be7 5. d4 O-O 6. Bd3 b6 7. Nbd2 Bb7 8. c4
cxd4 9. exd4 d5 10. O-O Nc6 11. Rc1 Rc8 12. Ne5 dxc4 13. Ndxc4 Nb4 14. Bb1 b5
15. Ne3 Qb6 16. N3g4 Rxc1 17. Bxc1 Rd8 18. Nxf6+ Bxf6 19. Bxh7+ Kxh7 20. Qh5+
Kg8 21. Qxf7+ Kh7 22. Nd7 Rxd7 23. Qxd7 Qc6 24. Qxc6 Nxc6 25. Be3 Nxd4 26. Rd1
e5 27. Kf1 a6 28. g4 Bf3 29. Rc1 Bxg4 30. Rc7 Nf3 31. Kg2 Nh4+ 32. Kf1 Nf5 33.
Bd2 Nd4 34. Ra7 Bh3+ 35. Ke1 Nf3+ 36. Ke2 Nxd2 37. Kxd2 Bg5+ 38. Ke2 Bc8 39.
Ra8 Bb7 40. Rb8 Bd5 41. Rb6 Bf4 42. h4 1/2-1/2

[Event "Mechanics' Fall TNM; 30/90, SD/30"]
[Site "San Francisco"]
[Date "2013.12.10"]
[Round "8.4"]
[White "Lacounte, Brendan"]
[Black "Anderson, Michael"]
[Result "1-0"]
[WhiteElo "1921"]
[BlackElo "1936"]
[PlyCount "97"]
[EventDate "2013.??.??"]

1. d4 f5 2. Bg5 c6 3. e3 d6 4. Nd2 Qc7 5. Bc4 d5 6. Bd3 e6 7. Bf4 Bd6 8. Bxd6
Qxd6 9. Ngf3 Nd7 10. c4 Ngf6 11. Qc2 O-O 12. c5 Qc7 13. Qc3 Ne4 14. Bxe4 fxe4
15. Ne5 Nxe5 16. dxe5 Qf7 17. f4 Qg6 18. O-O Bd7 19. Rf2 b6 20. Nb3 Rac8 21.
Rc1 Qf7 22. Rfc2 Qe7 23. Nd4 b5 24. b4 Ra8 25. Qa3 Qd8 26. Qa6 Qc8 27. Qa5 Qd8
28. Qa6 Qc8 29. Qa5 Qd8 30. Qxd8 Raxd8 31. Rc3 Rc8 32. Ra3 Rc7 33. Ra6 g6 34.
g4 Re8 35. h4 Re7 36. Rc2 Kf8 37. Rh2 h6 38. g5 h5 39. Rd2 Ke8 40. Rd1 Kd8 41.
Ra1 Kc8 42. a4 bxa4 43. R1xa4 Kb8 44. R4a5 Re8 45. Kf2 Rb7 46. Ra4 Rc8 47. Ke2
Rcc7 48. Kd2 Rc8 49. Kc3 {
Both players quit keeping score here but White won with a well-timed b5.} 1-0

[Event "Mechanics' Fall TNM; 30/90, SD/30"]
[Site "San Francisco"]
[Date "2013.11.12"]
[Round "4.11"]
[White "Lacounte, Brendan"]
[Black "Bekhtur, Bayaraa"]
[Result "1-0"]
[WhiteElo "1921"]
[BlackElo "1816"]
[PlyCount "95"]
[EventDate "2013.??.??"]

1. d4 d5 2. Nf3 e6 3. e3 Nf6 4. Bd3 c5 5. b3 Qc7 6. Nbd2 Nc6 7. Bb2 cxd4 8.
exd4 Nb4 9. Ne5 Nxd3+ 10. Nxd3 Bd6 11. Ne5 Nd7 12. Ndf3 Bb4+ 13. Nd2 Nxe5 14.
dxe5 Bc3 15. Bxc3 Qxc3 16. O-O Qxe5 17. Re1 Qf6 18. Nf3 O-O 19. Qd3 b6 20. Ne5
Qe7 21. f4 Bb7 22. Re3 Rac8 23. Kh1 Qc7 24. c3 f6 25. Nf3 Rfe8 26. Qd4 Qc5 27.
Rae1 Kf7 28. Qxc5 bxc5 29. Kg1 d4 30. cxd4 Bxf3 31. Rxf3 cxd4 32. Re4 Rc1+ 33.
Kf2 Rec8 34. Rxd4 R8c2+ 35. Kg3 Rxa2 36. Rd7+ Kg6 37. Kh3 Rcc2 38. f5+ exf5 39.
Rg3+ Kh6 40. Rgxg7 Rd2 41. Rxh7+ Kg5 42. Rdg7+ Kf4 43. Rxa7 Rxa7 44. Rxa7 Rd8
45. g3+ Kf3 46. Ra4 Rh8+ 47. Rh4 Rxh4+ 48. Kxh4 1-0

[Event "Mechanics' Fall TNM; 30/90, SD/30"]
[Site "San Francisco"]
[Date "2013.10.29"]
[Round "2.3"]
[White "Lacounte, Brendan"]
[Black "Ivanov, Aleksandr"]
[Result "1-0"]
[WhiteElo "1921"]
[BlackElo "2103"]
[Annotator "Donaldson"]
[PlyCount "89"]
[EventDate "2013.??.??"]

1. Nf3 Nf6 2. b3 c5 3. Bb2 Nc6 4. e3 d5 5. Bb5 Bg4 6. h3 Bh5 7. g4 Bg6 8. Ne5
Qc7 9. Bxc6+ bxc6 10. d3 Nd7 11. f4 e6 12. Nd2 f6 13. Nxd7 Kxd7 14. Qf3 Bd6 15.
Rg1 a5 16. a4 Rab8 17. g5 Rhf8 18. O-O-O Kc8 19. Rdf1 Kb7 20. h4 Qf7 21. Qg3
Rbd8 22. Nf3 Bh5 23. gxf6 gxf6 24. Qg7 Kb6 25. Qxf7 Rxf7 26. Rg3 Rdd7 27. Rfg1
d4 28. Kd2 e5 29. fxe5 fxe5 30. Ng5 Rf2+ 31. Kc1 e4 32. Nxe4 Bxg3 33. Nxg3 Bf3
34. Nf5 dxe3 35. Nxe3 Re7 36. Nc4+ Kc7 37. Bc3 h5 38. Bxa5+ Kb7 39. Bb6 Rg2 40.
Rf1 Bd5 41. Bxc5 Ree2 42. Ne3 Rh2 43. Rf4 {Diagram #} Be6 ({
Black has the amazing resource} 43... Bxb3 $3 {based on a stalemate theme.} 44.
Rb4+ (44. cxb3 Rh1+ 45. Nd1 (45. Rf1 Rxf1+ 46. Nxf1 Re1+) 45... Ree1) 44... Ka8
45. Rxb3 Rxc2+ 46. Nxc2 Rxc2+ 47. Kd1 Rxc5 {
with excellent chances to hold the rook and pawn ending.}) 44. Rb4+ Kc8 45. a5
1-0

[Event "Mechanics' Fall TNM; 30/90, SD/30"]
[Site "San Francisco"]
[Date "2013.12.03"]
[Round "7.6"]
[White "Lacounte, Brendan"]
[Black "Klinetobe, David"]
[Result "1-0"]
[WhiteElo "1921"]
[BlackElo "2035"]
[PlyCount "99"]
[EventDate "2013.??.??"]

1. d4 Nf6 2. Nf3 d5 3. Bf4 c5 4. e3 Nc6 5. c3 Qb6 6. Qb3 c4 7. Qxb6 axb6 8.
Nbd2 b5 9. Ne5 Bf5 10. Nxc6 bxc6 11. f3 h5 12. Be2 e6 13. Kf2 Be7 14. a3 Kd7
15. Rhe1 h4 16. Bg5 Nh7 17. Bxe7 Kxe7 18. e4 Bg6 19. e5 Ng5 20. Ke3 Rh6 21. a4
Rhh8 22. a5 b4 23. Ra4 b3 24. Rea1 Rhb8 25. Bf1 f6 26. Be2 fxe5 27. dxe5 c5 28.
Nxc4 dxc4 29. Rxc4 Rc8 30. Rg4 Bf5 31. Rxg5 g6 32. Bc4 Rc7 33. a6 Raa7 34. Ra3
Rd7 35. Rxb3 Rd1 36. Be2 Rdd7 37. Ra3 Rd5 38. f4 Kd7 39. b4 cxb4 40. cxb4 Kc7
41. Bg4 Rb5 42. Bxf5 gxf5 43. Rg7+ Kb6 44. Rg6 Rxb4 45. Rxe6+ Kb5 46. Rf6 Rg7
47. a7 Re4+ 48. Kf2 Rg4 49. Rb3+ Kc4 50. Re3 1-0

[Event "Mechanics' Winter TNM; 30/90, SD/30"]
[Site "San Francisco"]
[Date "2013.02.05"]
[Round "5.34"]
[White "Langrog, Alex"]
[Black "Bayaara, Chinguun"]
[Result "1/2-1/2"]
[WhiteElo "1332"]
[BlackElo "1645"]
[PlyCount "67"]
[EventDate "2013.??.??"]

1. e4 c5 2. Nf3 d6 3. Nc3 Nf6 4. d4 cxd4 5. Nxd4 g6 6. Bg5 Bg7 7. Be2 O-O 8.
Qd2 Nc6 9. Nxc6 bxc6 10. Bh6 Rb8 11. Bxg7 Kxg7 12. Rb1 c5 13. f4 Bb7 14. Bf3
Nd7 15. O-O Nb6 16. f5 Nc4 17. Qg5 Ne5 18. h4 e6 19. Qg3 exf5 20. Nd5 Nxf3+ 21.
Rxf3 fxe4 22. Rf5 Bxd5 23. Rxd5 Rb6 24. Rbd1 Qf6 25. Rxd6 Rxd6 26. Rxd6 Qxb2
27. Rd7 Qc1+ 28. Kh2 h5 29. Qe5+ Kg8 30. Qxe4 Qa3 31. Rd6 Kg7 32. Qe5+ Kg8 33.
Qe4 Kg7 34. Qe5+ 1/2-1/2

[Event "Mechanics' Winter TNM; 30/90, SD/30"]
[Site "San Francisco"]
[Date "2013.01.15"]
[Round "2.29"]
[White "Langrog, Alex"]
[Black "Flores, David"]
[Result "1-0"]
[WhiteElo "1332"]
[BlackElo "1695"]
[PlyCount "103"]
[EventDate "2013.??.??"]

1. e4 e5 2. Nf3 Nc6 3. d4 exd4 4. Nxd4 Bc5 5. Be3 Qf6 6. c3 Nge7 7. g3 d6 8.
Bg2 Ne5 9. O-O Bg4 10. f3 Bd7 11. f4 Nc4 12. Qe2 Nxe3 13. Qxe3 O-O 14. e5 dxe5
15. fxe5 Qb6 16. b4 Nf5 17. bxc5 Nxe3 18. cxb6 Nxf1 19. Kxf1 c6 20. bxa7 Rxa7
21. Nd2 c5 22. N4b3 Be6 23. Nxc5 Bxa2 24. Kf2 Rc8 25. Nxb7 Rxc3 26. Bd5 Rc2 27.
Ke1 Ra3 28. Rxa2 Raxa2 29. Bxa2 Rxa2 30. Ke2 Kf8 31. Nd6 Ke7 32. Nf5+ Kf8 33.
Ke3 g6 34. Nd4 Ra1 35. N2f3 Ke7 36. Kf4 h6 37. Nc6+ Kd7 38. Ncd4 Ra4 39. h4 Ke7
40. g4 f6 41. e6 Ra1 42. h5 gxh5 43. gxh5 Rh1 44. Kg4 Ra1 45. Kf5 Ra5+ 46. Kg6
Rd5 47. Kxh6 f5 48. Kg6 f4 49. h6 Rc5 50. h7 Rc8 51. Kg7 Ra8 52. h8=Q 1-0

[Event "Mechanics' Winter TNM; 30/90, SD/30"]
[Site "San Francisco"]
[Date "2013.01.22"]
[Round "3.27"]
[White "Langrog, Alex"]
[Black "Kottcamp, Jeff"]
[Result "0-1"]
[WhiteElo "1332"]
[BlackElo "1725"]
[PlyCount "27"]
[EventDate "2013.??.??"]

1. e4 c5 2. Nf3 d6 3. d4 cxd4 4. Nxd4 Nf6 5. Nc3 a6 6. Bg5 e6 7. Be2 Be7 8. O-O
O-O 9. Kh1 b5 10. a4 b4 11. Nb1 Nxe4 12. Bxe7 Qxe7 13. Bd3 Bb7 14. Re1 0-1

[Event "Mechanics' Winter TNM; 30/90, SD/30"]
[Site "San Francisco"]
[Date "2013.02.12"]
[Round "6.31"]
[White "Langrog, Alex"]
[Black "Somerville, Kenneth"]
[Result "0-1"]
[WhiteElo "1332"]
[BlackElo "1685"]
[PlyCount "94"]
[EventDate "2013.??.??"]

1. e4 e6 2. d4 d5 3. Bd3 c5 4. c3 Nc6 5. Nf3 Qb6 6. dxc5 Bxc5 7. O-O Nge7 8. b4
Bd6 9. Be3 Qc7 10. Na3 a5 11. Nb5 Qd8 12. Nxd6+ Qxd6 13. Bc5 Qc7 14. Bxe7 Nxe7
15. Qc2 axb4 16. cxb4 Qxc2 17. Bxc2 O-O 18. a4 Nc6 19. Rfb1 Bd7 20. b5 Na5 21.
Ne5 Rfc8 22. Bd1 Be8 23. exd5 exd5 24. Rc1 Nc4 25. Nxc4 Rxc4 26. Rxc4 dxc4 27.
Rc1 Rc8 28. Bf3 b6 29. Bd5 c3 30. Kf1 Kf8 31. Ke2 Bd7 32. Be4 Be6 33. Bc6 Bb3
34. Rxc3 Bxa4 35. Ra3 Bc2 36. Ra7 Rb8 37. f4 Bf5 38. Ke3 g6 39. Ra8 Rxa8 40.
Bxa8 Bd7 41. Bc6 Bxc6 42. bxc6 Ke7 43. g4 Kd6 44. Ke4 Kxc6 45. f5 b5 46. fxg6
fxg6 47. h4 b4 0-1

[Event "Mechanics' Winter TNM; 30/90, SD/30"]
[Site "San Francisco"]
[Date "2013.01.29"]
[Round "4.1"]
[White "Lee, Andy"]
[Black "Goins, Demetrius"]
[Result "1-0"]
[WhiteElo "2294"]
[BlackElo "2131"]
[PlyCount "63"]
[EventDate "2013.??.??"]

1. e4 c5 2. Nf3 d6 3. d4 cxd4 4. Nxd4 Nf6 5. Nc3 a6 6. Be3 e5 7. Nb3 Be6 8. h3
Be7 9. Qf3 Nbd7 10. g4 h6 11. O-O-O Qc7 12. Kb1 O-O-O 13. Nd5 Bxd5 14. exd5 Kb8
15. Qe2 Rc8 16. Bg2 Nb6 17. Na5 Na4 18. Qd2 Bd8 19. Nc6+ bxc6 20. Qb4+ Nb6 21.
dxc6 d5 22. c4 d4 23. c5 dxe3 24. Rxd8 Qxd8 25. cxb6 Qd3+ 26. Ka1 e4 27. Qe7
Nd7 28. c7+ Rxc7 29. bxc7+ Kxc7 30. Rc1+ Kb8 31. Qb4+ Qb5 32. Qd6+ 1-0

[Event "Mechanics' Spring TNM; 30/90, SD/30"]
[Site "San Francisco"]
[Date "2013.04.23"]
[Round "6.3"]
[White "Lee, Andy"]
[Black "Grey, Peter"]
[Result "1-0"]
[WhiteElo "2306"]
[BlackElo "2015"]
[PlyCount "61"]
[EventDate "2013.??.??"]

1. d4 Nf6 2. Bg5 c5 3. d5 Qb6 4. Nc3 Qxb2 5. Bd2 Qb6 6. Rb1 Qd8 7. e4 d6 8. f4
a6 9. a4 g6 10. Bc4 Bg7 11. Nf3 O-O 12. O-O e6 13. dxe6 Bxe6 14. Bxe6 fxe6 15.
Rxb7 Nc6 16. Qe2 Qc8 17. Rfb1 Nb4 18. Rxg7+ Kxg7 19. e5 dxe5 20. fxe5 Nfd5 21.
Ne4 Qc6 22. Qc4 Qxa4 23. Nxc5 Qxc2 24. Nxe6+ Kh8 25. Qxc2 Nxc2 26. Nxf8 Rxf8
27. Bh6 Re8 28. Rb7 Ne7 29. Ng5 Nf5 30. Ne4 Nxh6 31. Nf6 1-0

[Event "Mechanics' Neil Falconer TNM; 30/90, SD"]
[Site "San Francisco"]
[Date "2013.08.06"]
[Round "1.3"]
[White "Lee, Andy"]
[Black "Kottcamp, Jeff"]
[Result "1-0"]
[WhiteElo "2316"]
[BlackElo "1788"]
[PlyCount "99"]
[EventDate "2013.??.??"]

1. e4 c5 2. Nf3 d6 3. d4 cxd4 4. Qxd4 a6 5. Bc4 Nc6 6. Qd3 Nf6 7. Nc3 Bg4 8.
Bb3 Bxf3 9. Qxf3 Nd4 10. Ba4+ b5 11. Qd3 Ne6 12. Bb3 Nc5 13. Qe2 b4 14. Nd5
Nfxe4 15. Qxe4 Nxe4 16. Ba4+ Qd7 17. Bxd7+ Kxd7 18. Nb6+ Kc6 19. Nxa8 Kb7 20.
a3 bxa3 21. Rxa3 Kxa8 22. Rxa6+ Kb7 23. Ra4 Nc5 24. Rb4+ Kc7 25. Rc4 Kd7 26. b4
Nb7 27. Ke2 d5 28. Rd1 e6 29. Bb2 Bd6 30. Rg4 Rc8 31. Rxg7 Rxc2+ 32. Rd2 Rxd2+
33. Kxd2 Bxb4+ 34. Bc3 Bxc3+ 35. Kxc3 Nd6 36. Rxh7 Ke7 37. Kd4 Kf6 38. f3 Nf5+
39. Kd3 Ne7 40. Rh4 Kg6 41. Rg4+ Kh6 42. Ra4 Nf5 43. h4 Kg6 44. h5+ Kg5 45. g4
Nh6 46. Ra6 Kf4 47. Ke2 Ng8 48. Ra8 Nh6 49. Rh8 Kg5 50. f4+ 1-0

[Event "Mechanics' Spring TNM; 30/90, SD/30"]
[Site "San Francisco"]
[Date "2013.04.09"]
[Round "4.7"]
[White "Lee, Andy"]
[Black "Luke, Gary"]
[Result "1-0"]
[WhiteElo "2306"]
[BlackElo "1809"]
[PlyCount "57"]
[EventDate "2013.??.??"]

1. e4 e5 2. Nf3 Nc6 3. Bc4 Nf6 4. d3 h6 5. c3 d6 6. Bb3 Be7 7. Nbd2 O-O 8. Nf1
Nh7 9. Ng3 Ng5 10. h4 Ne6 11. Nf5 Nf4 12. g3 Bxf5 13. exf5 Nh5 14. Ng5 Nf6 15.
Qf3 d5 16. a3 Bc5 17. O-O Qd7 18. Be3 Bd6 19. Rad1 Ne7 20. g4 c6 21. Ne4 dxe4
22. dxe4 Qc7 23. g5 hxg5 24. hxg5 Nfd5 25. Kg2 Ng6 26. fxg6 fxg6 27. Qh3 Rf7
28. Rh1 Rff8 29. Rxd5 1-0

[Event "Mechanics' Neil Falconer TNM; 30/90, SD"]
[Site "San Francisco"]
[Date "2013.09.10"]
[Round "6.1"]
[White "Lee, Andy"]
[Black "Manvelyan, Hayk"]
[Result "0-1"]
[WhiteElo "2316"]
[BlackElo "2340"]
[PlyCount "106"]
[EventDate "2013.??.??"]

1. e4 e5 2. Nf3 Nc6 3. Bb5 g6 4. O-O Bg7 5. c3 Nge7 6. d4 exd4 7. cxd4 d5 8.
exd5 Nxd5 9. Re1+ Be6 10. Bg5 Qd6 11. Nbd2 O-O 12. Nc4 Qb4 13. Bxc6 bxc6 14.
Nfe5 c5 15. Bd2 Qb5 16. a4 Qa6 17. dxc5 Rfe8 18. b4 Nxb4 19. Bxb4 Bxc4 20. Bc3
Rad8 21. Qf3 Bd5 22. Qg3 Qf6 23. h4 h5 24. Re3 Qf5 25. Rae1 Re6 26. f4 Rde8 27.
Qf2 c6 28. Rg3 Bh6 29. Rf1 Kh7 30. Qd4 R6e7 31. Nf3 Bxf3 32. Rgxf3 Re4 33. Qf2
Rxa4 34. Be5 Bf8 35. Rd1 Rc4 36. Bd6 Rc2 37. Rd2 Rc1+ 38. Kh2 Ree1 39. Qxe1
Rxe1 40. Bxf8 Qg4 41. Bd6 Qxh4+ 42. Rh3 Qg4 43. Rf3 Qh4+ 44. Rh3 Qf6 45. Ra3 a5
46. g3 Qf5 47. Be5 Qe4 48. Rg2 Qb1 49. Rf2 Rh1+ 50. Kg2 Qe4+ 51. Raf3 Re1 52.
g4 hxg4 53. Kg3 Qxf3+ 0-1

[Event "Mechanics' Neil Falconer TNM; 30/90, SD"]
[Site "San Francisco"]
[Date "2013.09.03"]
[Round "5.1"]
[White "Lee, Andy"]
[Black "Manvelyan, Hovik"]
[Result "1-0"]
[WhiteElo "2316"]
[BlackElo "1922"]
[PlyCount "55"]
[EventDate "2013.??.??"]

1. e4 e6 2. d4 d5 3. Nc3 Bb4 4. e5 b6 5. Qg4 Bf8 6. f4 Nh6 7. Qh3 Nf5 8. Nf3 c5
9. Bb5+ Bd7 10. Bd3 Nxd4 11. Nxd4 cxd4 12. Ne2 Bb4+ 13. Kf2 Nc6 14. Rf1 a5 15.
Kg1 Bc5 16. a3 h5 17. Bd2 Bc8 18. Rae1 Ba6 19. f5 Bxd3 20. cxd3 Qd7 21. Nf4
O-O-O 22. Rc1 Kb7 23. fxe6 fxe6 24. Nxe6 Nxe5 25. Rxc5 Rde8 26. Rc7+ Qxc7 27.
Nxc7 Kxc7 28. Bf4 1-0

[Event "Mechanics' Winter TNM; 30/90, SD/30"]
[Site "San Francisco"]
[Date "2013.01.15"]
[Round "2.2"]
[White "Lee, Andy"]
[Black "Morton, Adam"]
[Result "1-0"]
[WhiteElo "2294"]
[BlackElo "1989"]
[PlyCount "101"]
[EventDate "2013.??.??"]

1. e4 e5 2. Nf3 Nc6 3. Bb5 a6 4. Ba4 Nf6 5. O-O Nxe4 6. d4 b5 7. Bb3 d5 8. a4
Rb8 9. axb5 axb5 10. dxe5 Be6 11. Be3 Bc5 12. Qe2 O-O 13. Rd1 Ne7 14. Nbd2 Bxe3
15. Qxe3 Nf5 16. Qa7 Ra8 17. Qxa8 Qxa8 18. Rxa8 Rxa8 19. Nxe4 dxe4 20. Bxe6
fxe6 21. Ng5 e3 22. fxe3 Nxe3 23. Rd7 Ng4 24. g3 Nxe5 25. Rxc7 Re8 26. Rc5 h6
27. Rxe5 hxg5 28. Rxb5 e5 29. Kf2 Kf7 30. Rb6 Rd8 31. Ke3 Rh8 32. c4 Rxh2 33.
c5 Rc2 34. b4 Rc3+ 35. Ke4 Rxg3 36. Kxe5 g6 37. Rb7+ Ke8 38. c6 Rc3 39. Kd6
Rd3+ 40. Kc5 Rc3+ 41. Kb6 g4 42. Rg7 g3 43. c7 g2 44. Rxg6 Kd7 45. Rxg2 Rc6+
46. Kb5 Rxc7 47. Rg7+ Kc8 48. Rxc7+ Kxc7 49. Ka6 Kb8 50. b5 Ka8 51. b6 1-0

[Event "Mechanics' Spring TNM; 30/90, SD/30"]
[Site "San Francisco"]
[Date "2013.05.07"]
[Round "8.3"]
[White "Lee, Andy"]
[Black "Rumph, Todd"]
[Result "1-0"]
[WhiteElo "2306"]
[BlackElo "2200"]
[PlyCount "67"]
[EventDate "2013.??.??"]

1. e4 e5 2. Nf3 Nc6 3. Bb5 a6 4. Ba4 Nf6 5. d3 d6 6. c3 Be7 7. Nbd2 b5 8. Bb3
O-O 9. a4 b4 10. a5 d5 11. O-O h6 12. Qe2 Re8 13. exd5 Nxd5 14. Qe4 Be6 15. Ba4
f5 16. Qe1 Bd7 17. Bb3 Be6 18. Ba4 Bd7 19. Nxe5 Nxe5 20. Qxe5 Bxa4 21. Qe6+ Kh8
22. Rxa4 Bf6 23. Qxf5 bxc3 24. bxc3 Nxc3 25. Rc4 Rb8 26. Nf3 Rb5 27. Qg6 Rb1
28. g3 Rxc1 29. Rxc1 Ne2+ 30. Kg2 Nxc1 31. Rxc1 Re7 32. Rc6 Rd7 33. Rxa6 Rxd3
34. Re6 1-0

[Event "Mechanics' Neil Falconer TNM; 30/90, SD"]
[Site "San Francisco"]
[Date "2013.08.20"]
[Round "3.2"]
[White "Lee, Andy"]
[Black "Steger, Alex"]
[Result "1-0"]
[WhiteElo "2316"]
[BlackElo "1990"]
[PlyCount "49"]
[EventDate "2013.??.??"]

1. e4 e5 2. Nf3 Nc6 3. Bb5 a6 4. Ba4 Nf6 5. O-O Be7 6. Bxc6 dxc6 7. Qe1 Nd7 8.
d3 O-O 9. Nbd2 Re8 10. Nc4 f6 11. Nh4 Nc5 12. f4 exf4 13. Bxf4 g5 14. Qg3 Kh8
15. Bd2 gxh4 16. Qxh4 Ne6 17. Rf5 Ng7 18. Rf3 f5 19. Qh6 fxe4 20. Bc3 Bc5+ 21.
Kh1 Bd4 22. Rf7 Bxc3 23. bxc3 Rg8 24. Ne5 Qd6 25. Re7 1-0

[Event "Mechanics' Summer TNM; 30/90, SD/30"]
[Site "San Francisco"]
[Date "2013.06.18"]
[Round "4.15"]
[White "Li, William"]
[Black "Andries, Craig"]
[Result "1-0"]
[WhiteElo "1787"]
[BlackElo "1963"]
[PlyCount "103"]
[EventDate "2013.??.??"]

1. c4 Nf6 2. Nc3 g6 3. g3 Bg7 4. Bg2 e5 5. Nf3 d6 6. d4 Nbd7 7. h4 h6 8. b3 O-O
9. e3 Re8 10. O-O c6 11. d5 c5 12. Nd2 a6 13. Bb2 Rb8 14. Qe2 Nf8 15. Rae1 Bd7
16. a4 Qc7 17. Qd3 N6h7 18. e4 Qd8 19. Qe3 f5 20. f3 f4 21. Qf2 fxg3 22. Qxg3
Nf6 23. Ne2 Nh5 24. Qf2 Bf6 25. Qe3 Bxh4 26. f4 Bxe1 27. Rxe1 Qf6 28. fxe5 dxe5
29. Qxh6 Nf4 30. Nf3 Nxe2+ 31. Rxe2 Rbc8 32. Nxe5 Rxe5 33. Qh2 Rce8 34. Rf2 Qg5
35. Rxf8+ Rxf8 36. Qxe5 Qe3+ 37. Kh2 Qf4+ 38. Qxf4 Rxf4 39. Kg3 Rf8 40. e5 Bf5
41. d6 Be6 42. Bc1 Rb8 43. Kf4 b5 44. Kg5 Kf7 45. Be4 bxc4 46. Bxg6+ Kg7 47.
bxc4 Rb3 48. Be4 Rc3 49. Bb2 Rxc4 50. Bd5 Bxd5 51. e6+ Kf8 52. d7 1-0

[Event "Mechanics' Summer TNM; 30/90, SD/30"]
[Site "San Francisco"]
[Date "2013.07.02"]
[Round "6.11"]
[White "Li, William"]
[Black "Chernobilskiy, Mikhail"]
[Result "0-1"]
[WhiteElo "1787"]
[BlackElo "1864"]
[Annotator "Doe,John"]
[PlyCount "70"]
[EventDate "2013.??.??"]

1. c4 f5 2. Nc3 Nf6 3. d4 g6 4. g3 Bg7 5. Bg2 O-O 6. e4 fxe4 7. Nxe4 Nxe4 8.
Bxe4 Nc6 9. Ne2 Qe8 10. Be3 Qf7 11. h4 Qxc4 12. h5 Qe6 13. Qb1 d5 14. Bd3 Nxd4
15. hxg6 Nxe2 16. gxh7+ Kh8 17. Bxe2 d4 18. Bd2 Bd7 19. Qd3 Bc6 20. Rh2 $4 Rf3
$1 21. Be3 dxe3 22. Bxf3 Bxf3 23. Qxe3 Qd5 24. Qd2 Bd4 25. Kf1 Rd8 26. Re1 e5
27. Qg5 e4 28. Qxd5 Rxd5 29. b3 Rc5 30. g4 Rc2 31. a3 e3 32. fxe3 Rxh2 33. exd4
Rh1+ 34. Kf2 Rxe1 35. Kxe1 Bxg4 0-1